000 00383nam a22001697a 4500
005 20160530113455.0
008 160530b xxu||||| |||| 00| 0 eng d
020 _a81-7808-122-9
041 _aeng
082 _b6029
100 _aBlythe, Jum
_91504
245 _aMarketing Communications
260 _bPearsons
_c2002
300 _a242
650 _aManagement
_9241
942 _cBK
999 _c2127
_d2126